Most Visited Cities In Europe By Picture - Statistics

General Stats
  • This quiz has been taken 793 times
    672 since last reset
  • The average score is 9 of 12
Answer Stats
Picture Answer % Correct
Paris
100%
London
98%
Istanbul
90%
Amsterdam
87%
Milan
83%
Rome
83%
Prague
79%
Madrid
78%
Barcelona
69%
Vienna
61%
Munich
51%
Dublin
41%
No matching quizzes found
Score Distribution
Percent of People with Each Score
Percentile by Number Answered
Your Score History
You have not taken this quiz since the last reset